Cricket: Most Individual Career ODI Sixes - Statistics

General Stats
  • This quiz has been taken 35 times
  • The average score is 16 of 20
Answer Stats
Country Years Innings 6s Answer % Correct
WI 1999-2019 294 331 Chris Gayle
100%
PAK 1996-2015 369 351 Shahid Afridi
93%
SA 2005-2018 218 204 AB de Villiers
90%
NZ 2002-2016 228 200 Brendon McCullum
90%
AUS 1995-2012 365 162 Ricky Ponting
90%
IND 1989-2012 452 195 Sachin Tendulkar
90%
IND 1999-2013 245 136 Virender Sehwag
87%
NZ 2009-2021* 183 181 Martin Guptill
83%
IND 2004-2019 297 229 MS Dhoni
83%
IND 2007-2021* 220 244 Rohit Sharma
83%
NZ 2006-2021* 217 146 Ross Taylor
83%
WI 1990-2007 289 133 Brian Lara
80%
SL 1989-2011 433 270 Sanath Jayasuriya
77%
SA 1996-2014 314 137 Jacques Kallis
73%
IND 1992-2007 300 190 Sourav Ganguly
73%
IND 2000-2017 278 155 Yuvraj Singh
73%
ENG 2006-2021* 226 219 Eoin Morgan
70%
PAK 1991-2007 350 144 Inzamam-ul-Haq
70%
AUS 1996-2008 279 149 Adam Gilchrist
63%
NZ 1991-2006 193 153 Chris Cairns
33%
No matching quizzes found
Score Distribution
Percent of People with Each Score
Percentile by Number Answered
Your Score History
You have not taken this quiz